| 000 | 00498nam a2200169Ia 4500 | ||
|---|---|---|---|
| 003 | SGT | ||
| 020 | _a9789350144442 | ||
| 082 |
_a621.31042 _bBUR |
||
| 100 | _aBurman,Simmi P. | ||
| 245 | _aPower quality | ||
| 260 |
_bS.K. Kataria & SONS _aN.Delhi _c2013 |
||
| 300 | _a298p. | ||
| 650 | _aELECTRICAL ENGINEERING | ||
| 653 | _aINTRODUCTION TO POWER QUALITY,VOLTAGE SAG,ELECTRICAL TRANSIENTS,HARMONICS,MEASUREMENT AND SOLUTION OF POWER QUALITY PROBLEM, | ||
| 700 | _aSingh,Bipin | ||
| 942 |
_2ddc _cBK |
||
| 999 |
_c5722 _d5722 |
||